| 000 | 00627nam a2200181 a 4500 | ||
|---|---|---|---|
| 008 | 100122s2005 ||||||||||||||||| || u | ||
| 020 | _a0131236296 | ||
| 050 | _aTJ 211 Cra | ||
| 100 | _aCraig, John J | ||
| 245 | 1 | 0 |
_aIntroduction to robotics: mechanics and control. -- 3rd ed. _cby John J. Craig |
| 250 | _a3rd ed | ||
| 260 |
_aLondon: _bPearson _c2005 |
||
| 300 | _aviii, 400p.: ill | ||
| 350 | _a0.00 | ||
| 650 | _aMECHANICS | ||
| 650 | _aROBOTICS | ||
| 995 |
_D0.00 _FCBU-MAIN LIBRARY (Kitwe) _H1 _I0.00 _M1 _UAVAILABLE _WMar 1, 2010 _ZMain Library Open Access Collection |
||
| 999 |
_c47981 _d47981 |
||